Mathematics in action (Record no. 612697)
[ view plain ]
| 000 -LEADER | |
|---|---|
| fixed length control field | 00338nam a22001337a 4500 |
| 020 ## - INTERNATIONAL STANDARD BOOK NUMBER | |
| International Standard Book Number | 00210850808 |
| 040 ## - CATALOGING SOURCE | |
| Transcribing agency | Nust |
| 082 ## - DEWEY DECIMAL CLASSIFICATION NUMBER | |
| Classification number | CH-510 |
| Author Mark | HOF |
| 100 ## - MAIN ENTRY--PERSONAL NAME | |
| Personal name | Allan R. Hoffer |
| 9 (RLIN) | 127625 |
| 245 ## - TITLE STATEMENT | |
| Title | Mathematics in action |
| 260 ## - PUBLICATION, DISTRIBUTION, ETC. | |
| Place of publication, distribution, etc. | New York: |
| Name of publisher, distributor, etc. | McMillan Mcgraw Hill, |
| Date of publication, distribution, etc. | 1991. |
| 650 ## - SUBJECT ADDED ENTRY--TOPICAL TERM | |
| Topical term or geographic name entry element | Mathematics in action |
| 9 (RLIN) | 127626 |
| 942 ## - ADDED ENTRY ELEMENTS (KOHA) | |
| Source of classification or shelving scheme | |
| Koha item type | Book |
| Withdrawn status | Lost status | Source of classification or shelving scheme | Damaged status | Not for loan | Permanent Location | Current Location | Shelving location | Date acquired | Full call number | Barcode | Date last seen | Price effective from | Koha item type | Public note | Total Checkouts |
|---|---|---|---|---|---|---|---|---|---|---|---|---|---|---|---|
| College of Electrical & Mechanical Engineering (CEME) | College of Electrical & Mechanical Engineering (CEME) | General Stacks | 01/17/2025 | CH-510 HOF | CEME- 37356 | 01/17/2025 | 01/17/2025 | Book | 3.7 | ||||||
| College of Electrical & Mechanical Engineering (CEME) | College of Electrical & Mechanical Engineering (CEME) | General Stacks | 01/17/2025 | CH-510 HOF | CEME- 37357 | 01/17/2025 | 01/17/2025 | Book | 3.7 | ||||||
| College of Electrical & Mechanical Engineering (CEME) | College of Electrical & Mechanical Engineering (CEME) | General Stacks | 01/17/2025 | CH-510 HOF | CEME- 37358 | 01/17/2025 | 01/17/2025 | Book | 3.7 | ||||||
| College of Electrical & Mechanical Engineering (CEME) | College of Electrical & Mechanical Engineering (CEME) | General Stacks | 01/03/2026 | CH-510 HOF | ceme-37355 | 01/03/2026 | 01/03/2026 | Book | 3.7 |
